Statistiques concernant Manga

Cliquez ici pour prendre le quiz!

Statistiques générales

  • Ce quiz a été pris 2 027 fois
  • Le résultat moyen est 6 sur 6

Statistiques - réponses

QuestionRéponse% Correct
Jeune ninja aux cheveux jaunes qui rêve de devenir Hokage.Naruto
100%
Fils d'un ange déchu créant des flammes bleues.Blue exorcist
99%
Le héro qui a sans doute le moins de cheveux.One punch-Man
99%
Jeune pirate qui rêve de devenir roi des pirates.One piece
98%
Kamehameha.Dragon Ball
97%
Un homme vivant dans un monde où la nouriture à un rôle important.Toriko
90%

Distribution des résultats

Percentile par nombre de réponses

% des personnes avec chaque résultat

Votre développement - résultats

Vous n’avez pas pris ce quiz